[Event "AUT-chT2M 1617"]
[Site "Austria"]
[Date "2017.03.25"]
[Round "10.5"]
[White "Kotz, Heinz Peter"]
[Black "Halvax, Georg"]
[Result "1/2-1/2"]
[WhiteElo "2291"]
[BlackElo "2381"]
[PlyCount "58"]
[EventDate "2016.10.07"]
[EventType "team-tourn"]
[EventRounds "11"]
[EventCountry "AUT"]
[SourceTitle "CBM 177 Extra"]
[Source "ChessBase"]
[SourceDate "2017.04.27"]
[SourceVersion "1"]
[SourceVersionDate "2017.04.27"]
[SourceQuality "1"]
[WhiteTeam "Graz Austria"]
[BlackTeam "Maria Saal II"]
[WhiteTeamCountry "AUT"]
[BlackTeamCountry "AUT"]

1. e4 d6 2. d4 Nf6 3. Nc3 e5 4. Nf3 Nbd7 5. Bc4 Be7 6. 0-0 Nb6 7. Be2 exd4 8. Nxd4 0-0 9. a4 a5 10. f4 Nfd7 11. Nb3 f5 12. exf5 c5 13. g4 Nf6 14. Bf3 d5 15. g5 Ne4 16. Nxe4 dxe4 17. Qxd8 Bxd8 18. Bxe4 Bxf5 19. Bxf5 Rxf5 20. Be3 Nc4 21. Rae1 Nxe3 22. Rxe3 Bc7 23. Re4 Raf8 24. Kg2 b6 25. h4 Bxf4 26. Re6 Rd5 27. Re4 Rdf5 28. Re6 Rd5 29. Re4 Rdf5 1/2-1/2

[Event "AUT-chT2M 1617"]
[Site "Austria"]
[Date "2017.01.29"]
[Round "8.1"]
[White "Schwabeneder, Florian"]
[Black "Kotz, Heinz Peter"]
[Result "1-0"]
[WhiteElo "2344"]
[BlackElo "2291"]
[PlyCount "83"]
[EventDate "2016.10.07"]
[EventType "team-tourn"]
[EventRounds "11"]
[EventCountry "AUT"]
[SourceTitle "CBM 177 Extra"]
[Source "ChessBase"]
[SourceDate "2017.04.27"]
[SourceVersion "1"]
[SourceVersionDate "2017.04.27"]
[SourceQuality "1"]
[WhiteTeam "Grieskirchen/Schallerbach"]
[BlackTeam "Graz Austria"]
[WhiteTeamCountry "AUT"]
[BlackTeamCountry "AUT"]

1. e4 e5 2. Nf3 Nc6 3. Bb5 a6 4. Ba4 Nf6 5. 0-0 Nxe4 6. d4 b5 7. Bb3 d5 8. dxe5 Be6 9. Qe2 Be7 10. Rd1 0-0 11. c4 bxc4 12. Bxc4 Qd7 13. Nc3 Nxc3 14. bxc3 Rfd8 15. Bxa6 Bg4 16. Bb5 Qe6 17. Re1 Bc5 18. Bf4 Ne7 19. a4 Bb6 20. Bd3 h6 21. Bd2 Re8 22. h3 Bh5 23. g4 Bg6 24. Nd4 Qd7 25. Bb5 c6 26. Bd3 c5 27. Bb5 Qc7 28. a5 Ba7 29. Bxe8 cxd4 30. Bb5 dxc3 31. Bf4 d4 32. Qf3 Rb8 33. e6 Qc5 34. exf7+ Bxf7 35. Bxb8 Bxb8 36. Bd3 Bd5 37. Be4 Bc4 38. Rab1 Bc7 39. Rb7 Bd6 40. a6 Bxa6 41. Rxe7 Bxe7 42. Bd5+ 1-0

[Event "AUT-chT2M 1617"]
[Site "Austria"]
[Date "2017.01.27"]
[Round "6.3"]
[White "Kotz, Heinz Peter"]
[Black "Hellmayr, Alois"]
[Result "0-1"]
[WhiteElo "2291"]
[BlackElo "2252"]
[PlyCount "70"]
[EventDate "2016.10.07"]
[EventType "team-tourn"]
[EventRounds "11"]
[EventCountry "AUT"]
[SourceTitle "CBM 177 Extra"]
[Source "ChessBase"]
[SourceDate "2017.04.27"]
[SourceVersion "1"]
[SourceVersionDate "2017.04.27"]
[SourceQuality "1"]
[WhiteTeam "Graz Austria"]
[BlackTeam "Sauwald"]
[WhiteTeamCountry "AUT"]
[BlackTeamCountry "AUT"]

1. e4 c5 2. Nf3 e6 3. d4 cxd4 4. Nxd4 a6 5. Nc3 Nc6 6. Nxc6 bxc6 7. Bd3 d6 8. 0-0 Nf6 9. f4 e5 10. Qf3 Qc7 11. Kh1 Be7 12. Bd2 0-0 13. f5 h6 14. h4 Nh7 15. Qg4 Kh8 16. Rf3 Qd8 17. Rh3 Rb8 18. b3 d5 19. Re1 Bf6 20. Qh5 g6 21. Qe2 gxf5 22. Bxh6 fxe4 23. Nxe4 Bxh3 24. gxh3 dxe4 25. Bxe4 Rg8 26. Qh5 Rg6 27. Rd1 Qg8 28. Rf1 Rb4 29. c4 c5 30. Bd2 Rb8 31. Bc3 Re8 32. Kh2 Qg7 33. Qf3 Rg8 34. h5 Rg3 35. h6 Qxh6 0-1

[Event "AUT-chT2M 1617"]
[Site "Austria"]
[Date "2016.11.12"]
[Round "4.3"]
[White "Kotz, Heinz Peter"]
[Black "Mikanovic, Sandro"]
[Result "0-1"]
[WhiteElo "2291"]
[BlackElo "2226"]
[PlyCount "92"]
[EventDate "2016.10.07"]
[EventType "team-tourn"]
[EventRounds "11"]
[EventCountry "AUT"]
[SourceTitle "CBM 175 Extra"]
[Source "ChessBase"]
[SourceDate "2016.12.12"]
[SourceVersion "1"]
[SourceVersionDate "2016.12.12"]
[SourceQuality "1"]
[WhiteTeam "Graz Austria"]
[BlackTeam "Graz Schachfreunde"]
[WhiteTeamCountry "AUT"]
[BlackTeamCountry "AUT"]

1. e4 c6 2. d4 d5 3. e5 Bf5 4. Nc3 e6 5. g4 Bg6 6. Nge2 c5 7. h4 cxd4 8. Nxd4 h5 9. f4 hxg4 10. Bb5+ Nd7 11. f5 Rxh4 12. Rf1 Rh2 13. Bxd7+ Kxd7 14. Qxg4 exf5 15. Nxf5 Ke8 16. e6 Bxf5 17. exf7+ Kxf7 18. Qxf5+ Nf6 19. Bg5 Qe8+ 20. Kd1 Qe6 21. Qxd5 Be7 22. Kc1 Qxd5 23. Nxd5 Rc8 24. c3 Rc5 25. Bxf6 Bxf6 26. Nxf6 gxf6 27. a4 f5 28. Ra3 Ke6 29. Rb3 b6 30. Rb4 Re5 31. Rbf4 Rg2 32. R1f2 Re2 33. Rxg2 Rxg2 34. a5 Ke5 35. Rb4 bxa5 36. Rb5+ Ke4 37. Rxa5 f4 38. Rxa7 f3 39. Rf7 Ke3 40. Re7+ Kd3 41. Rd7+ Ke2 42. Kc2 Ke3+ 43. Kb3 Rg4 44. Rf7 f2 45. Rxf2 Kxf2 46. c4 Ke3 0-1

[Event "AUT-chT2M 1617"]
[Site "Austria"]
[Date "2016.10.09"]
[Round "3.2"]
[White "Kotz, Heinz Peter"]
[Black "Genser, Harald"]
[Result "1/2-1/2"]
[WhiteElo "2291"]
[BlackElo "2319"]
[PlyCount "79"]
[EventDate "2016.10.07"]
[EventType "team-tourn"]
[EventRounds "11"]
[EventCountry "AUT"]
[SourceTitle "EXT 2017"]
[Source "ChessBase"]
[SourceDate "2016.10.25"]
[SourceVersion "1"]
[SourceVersionDate "2016.10.25"]
[SourceQuality "1"]
[WhiteTeam "Graz Austria"]
[BlackTeam "Die Klagenfurter"]
[WhiteTeamCountry "AUT"]
[BlackTeamCountry "AUT"]

1. Nf3 d5 2. g3 Nf6 3. Bg2 c6 4. 0-0 Bf5 5. d3 h6 6. Nbd2 e6 7. b3 Be7 8. Bb2 0-0 9. c4 Nbd7 10. Qc2 a5 11. a3 Bh7 12. Bc3 b5 13. cxb5 cxb5 14. b4 axb4 15. axb4 Qb6 16. Qb2 Ra4 17. Ra3 Rfa8 18. Rfa1 Ne8 19. e4 dxe4 20. dxe4 Bf8 21. Qb3 Rxa3 22. Rxa3 Rxa3 23. Qxa3 Nd6 24. Nd4 e5 25. Nc2 Qc6 26. f3 f5 27. exf5 Qb6+ 28. Kh1 Bxf5 29. Ne4 Bxe4 30. fxe4 Qf2 31. Qc1 Nc4 32. Na3 Nxa3 33. Qxa3 Nf6 34. Qc1 Ng4 35. Qd2 Qxd2 36. Bxd2 Nf2+ 37. Kg1 Nd3 38. Bf1 Bxb4 39. Bxd3 Bxd2 40. Bxb5 1/2-1/2

[Event "AUT-chT2M 1516"]
[Site "Austria"]
[Date "2016.02.27"]
[Round "7.1"]
[White "Kotz, Heinz Peter"]
[Black "Lautner, Josef"]
[Result "1-0"]
[WhiteElo "2326"]
[BlackElo "2230"]
[PlyCount "97"]
[EventDate "2015.10.02"]
[EventType "team-tourn"]
[EventRounds "11"]
[EventCountry "AUT"]
[SourceTitle "EXT 2017"]
[Source "ChessBase"]
[SourceDate "2016.10.25"]
[SourceVersion "1"]
[SourceVersionDate "2016.10.25"]
[SourceQuality "1"]
[WhiteTeam "Graz Austria"]
[BlackTeam "Sauwald II"]
[WhiteTeamCountry "AUT"]
[BlackTeamCountry "AUT"]

1. e4 Nf6 2. e5 Nd5 3. d4 d6 4. Nf3 g6 5. Bc4 Nb6 6. Bb3 Bg7 7. 0-0 Nc6 8. exd6 cxd6 9. Re1 d5 10. c3 0-0 11. Bf4 Bg4 12. Nbd2 Rc8 13. h3 Bd7 14. Ne5 Be8 15. Qe2 e6 16. Nxc6 Rxc6 17. Nf3 f6 18. Rad1 Bf7 19. g4 g5 20. Bc1 Qe7 21. h4 h6 22. Bc2 Rd8 23. Qd3 Kf8 24. hxg5 hxg5 25. Kg2 Rdc8 26. Rh1 a6 27. Rde1 Nc4 28. Rh7 Bg8 29. Rh5 Bf7 30. Rh7 Bg8 31. Rh3 b5 32. Nd2 Nd6 33. Nb3 b4 34. Nc5 a5 35. cxb4 axb4 36. Bd2 Rb6 37. Ba4 Rc7 38. Rf3 Bf7 39. Bb3 Nc4 40. Bc1 Kg8 41. Bc2 Kf8 42. Qh7 Bg8 43. Qh5 Bf7 44. Bg6 Rbc6 45. Bxg5 Bxg6 46. Qxg6 Qf7 47. Qh7 Nxb2 48. Bh6 Nc4 49. Qh8+ 1-0

[Event "AUT-chT2M 1314"]
[Site "Austria"]
[Date "2014.04.05"]
[Round "10.2"]
[White "Tratar, Marko"]
[Black "Kotz, Heinz Peter"]
[Result "1-0"]
[WhiteElo "2503"]
[BlackElo "2345"]
[PlyCount "99"]
[EventDate "2013.10.04"]
[EventType "team-tourn"]
[EventRounds "11"]
[EventCountry "AUT"]
[SourceTitle "EXT 2015"]
[Source "ChessBase"]
[SourceDate "2014.11.20"]
[SourceVersion "1"]
[SourceVersionDate "2014.11.20"]
[SourceQuality "1"]
[WhiteTeam "Maria Saal II"]
[BlackTeam "Graz Austria"]
[WhiteTeamCountry "AUT"]
[BlackTeamCountry "AUT"]

1. d4 Nf6 2. c4 g6 3. Nc3 Bg7 4. e4 d6 5. Be2 0-0 6. Bg5 Nbd7 7. Qd2 e5 8. d5 Nc5 9. f3 a5 10. g4 h6 11. Be3 Ne8 12. h4 Kh7 13. h5 g5 14. Nh3 Bf6 15. Nf2 Be7 16. Kf1 Nf6 17. Kg2 Nfd7 18. Rab1 Na6 19. a3 c5 20. Bd1 Nb6 21. Qd3 Bd7 22. Bc2 Rh8 23. Bd2 Nc7 24. Nfd1 Nc8 25. Ba4 Na7 26. Bxd7 Qxd7 27. Ne3 b5 28. b4 axb4 29. axb4 cxb4 30. Rxb4 Na6 31. Rb2 Nc5 32. Qb1 bxc4 33. Nxc4 Nc8 34. Qc2 Rd8 35. Be3 f6 36. Bxc5 dxc5 37. Rhb1 Ra7 38. Nd1 Nd6 39. Nde3 Rc7 40. Nxd6 Bxd6 41. Nc4 Bf8 42. Rb6 Kg7 43. d6 Ra7 44. Ne3 Qe6 45. Nf5+ Kh8 46. Qxc5 Ra2+ 47. R1b2 Bxd6 48. Qc2 Ra7 49. Qc6 Ra2 50. Kg3 1-0

[Event "AUT-chT2M 1314"]
[Site "Austria"]
[Date "2014.03.22"]
[Round "7.3"]
[White "Kotz, Heinz Peter"]
[Black "Ly, Daniel"]
[Result "1/2-1/2"]
[WhiteElo "2345"]
[BlackElo "2074"]
[PlyCount "48"]
[EventDate "2013.10.04"]
[EventType "team-tourn"]
[EventRounds "11"]
[EventCountry "AUT"]
[SourceTitle "EXT 2015"]
[Source "ChessBase"]
[SourceDate "2014.11.20"]
[SourceVersion "1"]
[SourceVersionDate "2014.11.20"]
[SourceQuality "1"]
[WhiteTeam "Graz Austria"]
[BlackTeam "Freistadt/Wartberg"]
[WhiteTeamCountry "AUT"]
[BlackTeamCountry "AUT"]

1. e4 c5 2. Nf3 d6 3. d4 cxd4 4. Nxd4 Nf6 5. Nc3 a6 6. Be2 e5 7. Nb3 b6 8. 0-0 Bb7 9. f4 Nbd7 10. Bf3 Be7 11. Qe1 0-0 12. Qg3 Re8 13. Be3 Bf8 14. Rae1 Qc7 15. Kh1 Rad8 16. f5 b5 17. a3 Nc5 18. Bg5 Be7 19. Rf2 Na4 20. Bh6 Bf8 21. Bg5 Be7 22. Bh6 Bf8 23. Bg5 Be7 24. Bh6 Bf8 1/2-1/2

[Event "AUT-chT2M 1213"]
[Site "Austria"]
[Date "2013.03.23"]
[Round "7.3"]
[White "Kotz, Heinz Peter"]
[Black "Schachinger, Mario"]
[Result "0-1"]
[WhiteElo "2353"]
[BlackElo "2426"]
[PlyCount "118"]
[EventDate "2012.10.19"]
[EventType "team-tourn"]
[EventRounds "11"]
[EventCountry "AUT"]
[SourceTitle "EXT 2014"]
[Source "ChessBase"]
[SourceDate "2013.11.20"]
[SourceVersion "1"]
[SourceVersionDate "2013.11.20"]
[SourceQuality "1"]
[WhiteTeam "Graz Austria"]
[BlackTeam "Maria Saal"]
[WhiteTeamCountry "AUT"]
[BlackTeamCountry "AUT"]

1. e4 c6 2. d4 d5 3. exd5 cxd5 4. c3 Nc6 5. Bd3 Qc7 6. Ne2 Bg4 7. Qa4 Bxe2 8. Bxe2 Nf6 9. 0-0 e6 10. Na3 Be7 11. Be3 0-0 12. c4 dxc4 13. Nb5 Qd7 14. Qxc4 Rac8 15. Rfd1 Nd5 16. Qb3 a6 17. Na3 Na5 18. Qd3 Bxa3 19. Qxa3 Nc4 20. Qb3 Ncxe3 21. fxe3 Qc7 22. Bf3 Rfd8 23. e4 Nf4 24. Qe3 e5 25. dxe5 Qxe5 26. Qb6 Re8 27. Rac1 h6 28. Rxc8 Rxc8 29. Rd8+ Rxd8 30. Qxd8+ Kh7 31. Qd2 Ne6 32. Qc3 Qxc3 33. bxc3 Kg6 34. e5 Nc5 35. Bd5 Kf5 36. Bxf7 Kxe5 37. Kf2 Ne4+ 38. Ke3 Nxc3 39. Kd3 Ne4 40. Bh5 b5 41. Bf3 Nc5+ 42. Kc3 a5 43. a3 Na4+ 44. Kd3 Nb2+ 45. Kc3 Nc4 46. a4 Nd6 47. axb5 Nxb5+ 48. Kc4 a4 49. Bd1 a3 50. Kb3 a2 51. Kb2 Nc3 52. Bf3 Kf4 53. Ka1 Ke3 54. Kb2 Kf2 55. Ka1 g5 56. Kb2 Kg1 57. h3 Kf2 58. Ka1 Ne2 59. Kxa2 Nf4 0-1

[Event "AUT-chT2M 1112"]
[Site "Austria"]
[Date "2011.10.23"]
[Round "3.2"]
[White "Kotz, Heinz Peter"]
[Black "Gonda, Laszlo"]
[Result "1/2-1/2"]
[WhiteElo "2349"]
[BlackElo "2520"]
[PlyCount "64"]
[EventDate "2011.10.21"]
[EventType "team-tourn"]
[EventRounds "11"]
[EventCountry "AUT"]
[SourceTitle "EXT 2013"]
[Source "ChessBase"]
[SourceDate "2012.11.22"]
[SourceVersion "1"]
[SourceVersionDate "2012.11.22"]
[SourceQuality "1"]
[WhiteTeam "Graz Austria"]
[BlackTeam "St Valentin"]
[WhiteTeamCountry "AUT"]
[BlackTeamCountry "AUT"]

1. e4 e6 2. d4 d5 3. Nc3 Bb4 4. exd5 exd5 5. Qf3 Qe7+ 6. Nge2 Nc6 7. Qd3 Nf6 8. f3 Nd7 9. a3 Nb6 10. Kf2 Bxc3 11. Qxc3 0-0 12. h4 Bd7 13. Bf4 Rfe8 14. g4 Rac8 15. Rd1 Na4 16. Qb3 Nd8 17. Ng3 c5 18. Bb5 Nb6 19. Rhe1 Ne6 20. Nf5 Qd8 21. Bxd7 Qxd7 22. Be5 f6 23. Bg3 Nxd4 24. Nxd4 cxd4 25. Rxe8+ Rxe8 26. Rxd4 Qe6 27. Kg2 Nc4 28. Bf2 Qe2 29. Qd3 Ne3+ 30. Kg3 Nf1+ 31. Kg2 Ne3+ 32. Kg3 Nf1+ 1/2-1/2

[Event "AUT-chT2M 1011"]
[Site "Austria"]
[Date "2011.03.12"]
[Round "7.3"]
[White "Kotz, Heinz Peter"]
[Black "Abel, Dennes"]
[Result "0-1"]
[WhiteElo "2330"]
[BlackElo "2394"]
[PlyCount "72"]
[EventDate "2010.10.16"]
[EventType "team-tourn"]
[EventRounds "11"]
[EventCountry "AUT"]
[SourceTitle "EXT 2012"]
[Source "ChessBase"]
[SourceDate "2011.11.24"]
[SourceVersion "1"]
[SourceVersionDate "2011.11.24"]
[SourceQuality "1"]
[WhiteTeam "Graz Austria"]
[BlackTeam "Gleisdorf"]
[WhiteTeamCountry "AUT"]
[BlackTeamCountry "AUT"]

1. e4 c6 2. d4 d5 3. Nc3 dxe4 4. Nxe4 Bf5 5. Ng3 Bg6 6. Nf3 Nd7 7. h4 h6 8. h5 Bh7 9. Bd3 Bxd3 10. Qxd3 e6 11. Bd2 Ngf6 12. 0-0-0 Be7 13. Kb1 0-0 14. Rhe1 Re8 15. c4 b5 16. cxb5 cxb5 17. Rc1 a6 18. Qb3 Qb6 19. Be3 Nd5 20. Ne5 Nxe5 21. dxe5 Nxe3 22. Qxe3 Qxe3 23. fxe3 Bh4 24. Ne4 Bxe1 25. Rxe1 Red8 26. Nd6 f6 27. g4 fxe5 28. Ne4 Rac8 29. b3 Rd3 30. g5 hxg5 31. Nxg5 Rd2 32. Nf3 Rf2 33. Nxe5 Rcc2 34. Nd3 Rh2 35. Rg1 Rcd2 36. Nc1 Rxh5 0-1

[Event "AUT-chT2M 1011"]
[Site "Austria"]
[Date "2011.03.11"]
[Round "6.2"]
[White "Kotz, Heinz Peter"]
[Black "Petre, Nad Titus"]
[Result "1-0"]
[WhiteElo "2330"]
[BlackElo "2377"]
[PlyCount "99"]
[EventDate "2010.10.16"]
[EventType "team-tourn"]
[EventRounds "11"]
[EventCountry "AUT"]
[SourceTitle "EXT 2012"]
[Source "ChessBase"]
[SourceDate "2011.11.24"]
[SourceVersion "1"]
[SourceVersionDate "2011.11.24"]
[SourceQuality "1"]
[WhiteTeam "Graz Austria"]
[BlackTeam "Graz Strassenbahn"]
[WhiteTeamCountry "AUT"]
[BlackTeamCountry "AUT"]

1. e4 c5 2. c3 d5 3. exd5 Qxd5 4. d4 e6 5. Nf3 Nf6 6. Be3 cxd4 7. cxd4 Bd7 8. Bd3 Bb4+ 9. Nc3 Bc6 10. 0-0 Qa5 11. Ne5 Bxc3 12. bxc3 Qxc3 13. Qb1 0-0 14. Rc1 Qa5 15. Nxc6 bxc6 16. Qb7 Nbd7 17. Qxc6 Nb6 18. Qc5 Qxc5 19. dxc5 Nbd5 20. Ba6 Nxe3 21. fxe3 Nd5 22. Rab1 Rab8 23. Bb7 Nc7 24. Rd1 g6 25. Rd7 Nd5 26. Rb3 Rbd8 27. Rxd8 Rxd8 28. Ra3 Nc7 29. Rxa7 Rd1+ 30. Kf2 Rc1 31. Bc6 Nd5 32. Be8 Rc2+ 33. Kf3 Kf8 34. Bxf7 Rc3 35. Ke4 Rc4+ 36. Kd3 Rxc5 37. Bxe6 Nc7 38. Bb3 Ke7 39. Ra4 Rh5 40. h3 Rg5 41. Rg4 Ra5 42. Rf4 Rg5 43. g4 h5 44. h4 Rb5 45. Rf7+ Kd8 46. g5 Rb4 47. Rf4 Rb6 48. Rf6 Rxf6 49. gxf6 Ke8 50. Ke4 1-0

[Event "AUT-chT2M 1011"]
[Site "Austria"]
[Date "2010.11.27"]
[Round "4"]
[White "Kotz, Heinz Peter"]
[Black "Diermair, Andreas"]
[Result "1/2-1/2"]
[WhiteElo "2330"]
[BlackElo "2354"]
[PlyCount "68"]
[EventDate "2010.10.16"]
[EventType "team-tourn"]
[EventRounds "11"]
[EventCountry "AUT"]
[SourceTitle "EXT 2012"]
[Source "ChessBase"]
[SourceDate "2011.11.24"]
[SourceVersion "1"]
[SourceVersionDate "2011.11.24"]
[SourceQuality "1"]
[WhiteTeam "Graz Austria"]
[BlackTeam "Raika Feffernitz"]
[WhiteTeamCountry "AUT"]
[BlackTeamCountry "AUT"]

1. e4 c6 2. d4 d5 3. e5 Bf5 4. Nf3 e6 5. a3 Nd7 6. Nbd2 h6 7. Be2 Ne7 8. 0-0 Bh7 9. Re1 Ng6 10. Nf1 Be7 11. Ng3 0-0 12. Bd3 Re8 13. Nh5 c5 14. c3 a6 15. g3 Rc8 16. h4 cxd4 17. cxd4 Qb6 18. Rb1 Kh8 19. Be3 Qa5 20. Nh2 Qd8 21. Ng4 f5 22. exf6 Nxf6 23. Ngxf6 Bxf6 24. Rc1 Rxc1 25. Qxc1 Rf8 26. Qc2 Qe8 27. Nf4 Nxf4 28. Bxh7 g6 29. Bxf4 Kxh7 30. h5 Bxd4 31. hxg6+ Qxg6 32. Qxg6+ Kxg6 33. Rxe6+ Rf6 34. Re2 Rb6 1/2-1/2

[Event "AUT-chT2M 0809"]
[Site "Austria"]
[Date "2009.03.07"]
[Round "7.2"]
[White "Horvath, Gabor"]
[Black "Kotz, Heinz Peter"]
[Result "0-1"]
[WhiteElo "2277"]
[BlackElo "2342"]
[PlyCount "70"]
[EventDate "2008.10.11"]
[EventType "team-tourn"]
[EventRounds "11"]
[EventCountry "AUT"]
[SourceTitle "EXT 2010"]
[Source "ChessBase"]
[SourceDate "2010.11.25"]
[SourceVersion "1"]
[SourceVersionDate "2010.11.25"]
[SourceQuality "1"]
[WhiteTeam "Maria Saal"]
[BlackTeam "Graz Austria"]
[WhiteTeamCountry "AUT"]
[BlackTeamCountry "AUT"]

1. Nf3 Nf6 2. g3 g6 3. Bg2 Bg7 4. 0-0 0-0 5. d3 d5 6. Nbd2 Nc6 7. c4 e5 8. cxd5 Nxd5 9. a3 Nd4 10. Nxd4 exd4 11. Qb3 c6 12. Ne4 Qb6 13. Qc2 Re8 14. Re1 Nf6 15. Nd6 Rd8 16. Nc4 Qc5 17. b4 Qh5 18. Bf4 Bh3 19. f3 Bxg2 20. Kxg2 Nd5 21. Qc1 Re8 22. Nd6 Re7 23. Bg5 f6 24. Bd2 Rd8 25. Ne4 f5 26. Nc5 Rde8 27. Qd1 Bh6 28. Kh1 Be3 29. Bxe3 Rxe3 30. Nxb7 Nc3 31. Qb3+ Kg7 32. Nd6 R8e6 33. Ne4 Nxe2 34. Rf1 R3xe4 35. fxe4 Nxg3+ 0-1

[Event "AUT-chT2M 0809"]
[Site "Austria"]
[Date "2008.11.29"]
[Round "3.3"]
[White "Kranzl, Peter"]
[Black "Kotz, Heinz Peter"]
[Result "1/2-1/2"]
[WhiteElo "2279"]
[BlackElo "2342"]
[PlyCount "28"]
[EventDate "2008.10.11"]
[EventType "team-tourn"]
[EventRounds "11"]
[EventCountry "AUT"]
[SourceTitle "CBM 127 Extra"]
[Source "ChessBase"]
[SourceDate "2009.01.08"]
[SourceVersion "2"]
[SourceVersionDate "2009.01.28"]
[SourceQuality "1"]
[WhiteTeam "St Valentin"]
[BlackTeam "Graz Austria"]
[WhiteTeamCountry "AUT"]
[BlackTeamCountry "AUT"]

1. e4 e5 2. Nf3 Nc6 3. c3 Nf6 4. d4 d6 5. Bb5 Bd7 6. Nbd2 Be7 7. 0-0 a6 8. Bxc6 Bxc6 9. Qc2 exd4 10. Nxd4 Qd7 11. Re1 0-0 12. N2f3 Rfe8 13. Nxc6 Qxc6 14. Bg5 Nd7 1/2-1/2

[Event "AUT-chT2M 0708"]
[Site "Austria"]
[Date "2008.04.06"]
[Round "11.2"]
[White "Horvath, Gabor"]
[Black "Kotz, Heinz Peter"]
[Result "1/2-1/2"]
[WhiteElo "2292"]
[BlackElo "2357"]
[PlyCount "26"]
[EventDate "2007.10.13"]
[EventType "team"]
[EventRounds "11"]
[EventCountry "AUT"]
[SourceTitle "EXT 2009"]
[Source "ChessBase"]
[SourceDate "2008.11.26"]
[SourceVersion "1"]
[SourceVersionDate "2008.11.26"]
[SourceQuality "1"]
[WhiteTeam "Maria Saal"]
[BlackTeam "Graz Austria"]
[WhiteTeamCountry "AUT"]
[BlackTeamCountry "AUT"]

1. e4 e5 2. Nf3 Nc6 3. Bc4 Nf6 4. d3 Be7 5. c3 0-0 6. Bb3 d5 7. exd5 Nxd5 8. 0-0 Bg4 9. h3 Bh5 10. Re1 Bf6 11. Na3 Nb6 12. Nc4 Nxc4 13. Bxc4 h6 1/2-1/2

[Event "AUT-chT2M 0708"]
[Site "Austria"]
[Date "2008.01.26"]
[Round "6.3"]
[White "Schnider, Gert"]
[Black "Kotz, Heinz Peter"]
[Result "1/2-1/2"]
[WhiteElo "2273"]
[BlackElo "2357"]
[PlyCount "31"]
[EventDate "2007.10.13"]
[EventType "team"]
[EventRounds "11"]
[EventCountry "AUT"]
[SourceTitle "EXT 2009"]
[Source "ChessBase"]
[SourceDate "2008.11.26"]
[SourceVersion "1"]
[SourceVersionDate "2008.11.26"]
[SourceQuality "1"]
[WhiteTeam "Frauental"]
[BlackTeam "Graz Austria"]
[WhiteTeamCountry "AUT"]
[BlackTeamCountry "AUT"]

1. d4 Nf6 2. c4 g6 3. Nc3 Bg7 4. e4 d6 5. Nf3 0-0 6. Be2 e5 7. 0-0 Nc6 8. d5 Ne7 9. b4 a5 10. Ba3 b6 11. bxa5 Rxa5 12. Bb4 Ra8 13. a4 Re8 14. Qd3 Nh5 15. g3 f5 16. a5 1/2-1/2

[Event "AUT-chT2M 0607"]
[Site "Austria"]
[Date "2007.03.04"]
[Round "9.3"]
[White "Kotz, Heinz Peter"]
[Black "Hiermann, Dietmar"]
[Result "1/2-1/2"]
[WhiteElo "2355"]
[BlackElo "2260"]
[PlyCount "45"]
[EventDate "2006.10.28"]
[EventType "team-tourn"]
[EventRounds "11"]
[EventCountry "AUT"]
[SourceTitle "EXT 2007"]
[Source "ChessBase"]
[SourceDate "2006.11.23"]
[SourceVersion "1"]
[SourceVersionDate "2006.11.23"]
[SourceQuality "1"]
[WhiteTeam "Graz Austria"]
[BlackTeam "Sauwald"]
[WhiteTeamCountry "AUT"]
[BlackTeamCountry "AUT"]

1. e4 e5 2. Nf3 Nc6 3. Bb5 a6 4. Bxc6 dxc6 5. 0-0 Bg4 6. h3 Bxf3 7. Qxf3 Nf6 8. d3 Qd7 9. Nd2 Qe6 10. Nc4 Nd7 11. Qg3 f6 12. f4 0-0-0 13. fxe5 Nxe5 14. Nxe5 fxe5 15. Qf2 b6 16. Be3 Be7 17. Qf5 Kd7 18. Qh5 c5 19. Bg5 g6 20. Qh4 Bxg5 21. Qxg5 Rhf8 22. Qh6 Qe7 23. b3 1/2-1/2

[Event "AUT-chT2M 0607"]
[Site "Austria"]
[Date "2006.11.25"]
[Round "3.3"]
[White "Kotz, Heinz Peter"]
[Black "Kilgus, Georg"]
[Result "1-0"]
[WhiteElo "2355"]
[BlackElo "2360"]
[PlyCount "73"]
[EventDate "2006.10.28"]
[EventType "team-tourn"]
[EventRounds "11"]
[EventCountry "AUT"]
[SourceTitle "EXT 2007"]
[Source "ChessBase"]
[SourceDate "2006.11.23"]
[SourceVersion "1"]
[SourceVersionDate "2006.11.23"]
[SourceQuality "1"]
[WhiteTeam "Graz Austria"]
[BlackTeam "Fuerstenfeld"]
[WhiteTeamCountry "AUT"]
[BlackTeamCountry "AUT"]

1. e4 c5 2. Nf3 e6 3. d4 cxd4 4. Nxd4 a6 5. Nc3 Qc7 6. g3 Nf6 7. Bg2 Be7 8. 0-0 0-0 9. Re1 d6 10. f4 Nc6 11. Nxc6 bxc6 12. b3 e5 13. h3 g6 14. Qf3 exf4 15. gxf4 Bb7 16. Bb2 Nh5 17. Ne2 c5 18. Ng3 Bf6 19. Bxf6 Nxf6 20. c4 Rae8 21. Qc3 Re6 22. Re3 Rfe8 23. Rae1 h5 24. e5 Bxg2 25. exf6 Bb7 26. Rxe6 Rxe6 27. Rxe6 fxe6 28. Qe3 Kf7 29. f5 exf5 30. Qh6 Kxf6 31. Nxh5+ Ke5 32. Qxg6 Qe7 33. Qg3+ Kd4 34. Kf2 d5 35. Nf4 dxc4 36. bxc4 Be4 37. Ne2+ 1-0

[Event "AUT-chT2M 0506"]
[Site "Austria"]
[Date "2006.03.04"]
[Round "8.1"]
[White "Horvath, Peter"]
[Black "Kotz, Heinz Peter"]
[Result "1-0"]
[WhiteElo "2484"]
[BlackElo "2312"]
[PlyCount "91"]
[EventDate "2005.10.08"]
[EventType "team"]
[EventRounds "11"]
[EventCountry "AUT"]
[SourceTitle "EXT 2006"]
[Source "ChessBase"]
[SourceDate "2005.11.24"]
[SourceVersion "1"]
[SourceVersionDate "2005.11.24"]
[SourceQuality "1"]
[WhiteTeam "Leoben"]
[BlackTeam "Graz Austria"]
[WhiteTeamCountry "AUT"]
[BlackTeamCountry "AUT"]

1. d4 Nf6 2. c4 g6 3. g3 Bg7 4. Bg2 0-0 5. Nc3 d6 6. Nf3 Nbd7 7. 0-0 e5 8. e4 a6 9. Re1 exd4 10. Nxd4 Ng4 11. h3 Qf6 12. Nf3 Nge5 13. Nxe5 Nxe5 14. Nd5 Qd8 15. Ne3 Be6 16. Qc2 Qd7 17. f4 Nc6 18. Kh2 Nd4 19. Qf2 c5 20. Bd2 Rab8 21. Rac1 b5 22. b3 f5 23. exf5 gxf5 24. cxb5 axb5 25. Nc2 Rfe8 26. Nxd4 Bxd4 27. Be3 Bxe3 28. Rxe3 Bf7 29. Rd3 c4 30. bxc4 bxc4 31. Rd2 Qe7 32. Qd4 Rb5 33. Rxc4 Ra5 34. Ra4 Rxa4 35. Qxa4 Qe3 36. Qa5 Re6 37. Bd5 Rg6 38. Bxf7+ Kxf7 39. Qxf5+ Kg7 40. Rg2 Qf3 41. a4 h5 42. a5 Rf6 43. Qg5+ Kf7 44. a6 Re6 45. Qb5 h4 46. Qb7+ 1-0